Fr. Conceicao Rodrigues College of Engineering

Let us C (Record no. 25915)

MARC details
000 -LEADER
fixed length control field 00317nam a2200181Ia 4500
082 ## - DEWEY DECIMAL CLASSIFICATION NUMBER
Item number KAN
100 ## - MAIN ENTRY--PERSONAL NAME
Personal name Kanetkar/Yashavant
250 ## - EDITION STATEMENT
Edition statement 15
245 ## - TITLE STATEMENT
Title Let us C
260 ## - PUBLICATION, DISTRIBUTION, ETC.
Name of publisher, distributor, etc. BPB
Date of publication, distribution, etc. 2017
366 ## - TRADE AVAILABILITY INFORMATION
Publishers's discount category 25
300 ## - PHYSICAL DESCRIPTION
Extent 630
546 ## - LANGUAGE NOTE
Language note ENGLISH
650 ## - SUBJECT ADDED ENTRY--TOPICAL TERM
Topical term or geographic name entry element C
654 ## - SUBJECT ADDED ENTRY--FACETED TOPICAL TERMS
Focus term C
942 ## - ADDED ENTRY ELEMENTS (KOHA)
Koha item type BOOK
Holdings
Withdrawn status Lost status Damaged status Not for loan Collection Home library Current library Date acquired Source of acquisition Cost, normal purchase price Inventory number Total Checkouts Total Renewals Full call number Barcode Date last seen Date last checked out Cost, replacement price Price effective from Koha item type Date due
        CRC Fr. Agnel's C.Rodrigues College of Engineering AGNEL TECHNICAL COLLEGE LIBRARY 17/03/2023 Allied Publisher 222.75 1104 dt 06.03.2018 5 1 KAN 25201 10/07/2024 10/07/2024 297.00   BOOK 20/07/2024
        CRC Fr. Agnel's C.Rodrigues College of Engineering AGNEL TECHNICAL COLLEGE LIBRARY 17/03/2023 Allied Publisher 222.75 1104 dt 06.03.2018 8   KAN 25202 05/02/2026 28/01/2026 297.00   BOOK  
        CRC Fr. Agnel's C.Rodrigues College of Engineering AGNEL TECHNICAL COLLEGE LIBRARY 17/03/2023 Allied Publisher 222.75 1104 dt 06.03.2018 1   KAN 25203 29/01/2025 22/08/2023 297.00   BOOK  
        CRC Fr. Agnel's C.Rodrigues College of Engineering Fr. Agnel's C.Rodrigues College of Engineering 17/03/2023 Allied Publisher 222.75 1104 dt 06.03.2018 13 5 KAN 25200 12/01/2026 03/01/2026 297.00   BOOK  
        CRC Fr. Agnel's C.Rodrigues College of Engineering Fr. Agnel's C.Rodrigues College of Engineering 17/03/2023 Allied Publisher 222.75 1104 dt 06.03.2018 10 4 KAN 25204 11/02/2026 03/02/2026 297.00   BOOK